[Event "Champions Showdown Kings Blitz 2019-B"]
[Site "Saint Louis"]
[Date "2019.02.22"]
[Round "8"]
[White "Nakamura, Hikaru"]
[Black "Duda, Jan-Krzysztof"]
[Result "1/2-1/2"]
[WhiteElo "2749"]
[BlackElo "2731"]
[Annotator "ChessBase"]
[PlyCount "133"]
[EventDate "2019.02.09"]
[EventType "match"]
[EventCountry "USA"]
[SourceTitle "playchess.com"]
[Source "ChessBase"]
[SourceQuality "1"]
[TimeControl "900+10"]

1. Nf3 {[%emt 0:12:07]} d5 {[%emt 0:12:07]} 2. d4 {[%emt 0:00:09]} Nf6 {[%emt 0:00:10]} 3. c4 {[%emt 0:00:09]} c6 {[%emt 0:00:10]} 4. e3 {[%emt 0:00:10]} e6 {[%emt 0:00:10]} 5. Nbd2 {[%emt 0:00:09]} Nbd7 {[%emt 0:00:09]} 6. Bd3 {[%emt 0:00:09]} Bd6 {[%emt 0:00:09]} 7. e4 {[%emt 0:00:09]} e5 {[%emt 0:00:09]} 8. cxd5 {[%emt 0:00:09]} cxd5 {[%emt 0:00:09]} 9. exd5 {[%emt 0:00:09]} O-O {[%emt 0:00:09]} 10. O-O {[%emt 0:00:10]} exd4 {[%emt 0:00:10]} 11. Nxd4 {[%emt 0:00:09]} Nb6 {[%emt 0:00:18]} 12. Nf5 {[%emt 0:00:09]} Nbxd5 {[%emt 0:00:28]} 13. Nxd6 {[%emt 0:00:10]} Qxd6 {[%emt 0:00:09]} 14. Nc4 {[%emt 0:00:46]} Qc7 {[%emt 0:00:09]} 15. h3 {[%emt 0:00:11]} Rd8 {[%emt 0:00:11]} 16. Qf3 {[%emt 0:00:12]} b6 {[%emt 0:00:18]} 17. Bg5 {[%emt 0:00:46]} Bb7 {[%emt 0:00:09]} 18. Be2 {[%emt 0:00:09]} h6 {[%emt 0:00:12]} 19. Bxf6 {[%emt 0:00:13]} Nxf6 {[%emt 0:00:13]} 20. Qa3 {[%emt 0:00:10]} Re8 {[%emt 0:00:37]} 21. Ne3 {[%emt 0:00:12]} Qf4 {[%emt 0:00:10]} 22. Rfe1 {[%emt 0:00:22]} Re5 {[%emt 0:00:15]} 23. Ng4 {[%emt 0:00:21]} Re6 {[%emt 0:00:50]} 24. Nxf6+ {[%emt 0:00:29]} Rxf6 {[%emt 0:00:10]} 25. Qe3 {[%emt 0:00:13]} Qxe3 {[%emt 0:00:16]} 26. fxe3 {[%emt 0:00:09]} Re8 {[%emt 0:00:12]} 27. Bf1 {[%emt 0:00:09]} a5 {[%emt 0:00:33]} 28. Rad1 {[%emt 0:00:15]} g5 {[%emt 0:00:11]} 29. a3 {[%emt 0:00:11]} Kg7 {[%emt 0:00:09]} 30. Rd4 {[%emt 0:00:12]} Re5 {[%emt 0:00:12]} 31. b4 {[%emt 0:00:11]} h5 {[%emt 0:00:17]} 32. Bd3 {[%emt 0:00:15]} h4 {[%emt 0:00:11]} 33. Bc4 {[%emt 0:00:19]} Be4 {[%emt 0:00:14]} 34. Bf1 {[%emt 0:00:13]} Rc6 {[%emt 0:00:13]} 35. bxa5 {[%emt 0:00:17]} bxa5 {[%emt 0:00:09]} 36. Bc4 {[%emt 0:00:11]} Bg6 {[%emt 0:00:21]} 37. Bd5 {[%emt 0:00:11]} Rc3 {[%emt 0:00:10]} 38. e4 {[%emt 0:00:10]} Rxa3 {[%emt 0:00:09]} 39. Rf1 {[%emt 0:00:11]} Rc3 {[%emt 0:00:18]} 40. Ra1 {[%emt 0:00:17]} Rc5 {[%emt 0:00:13]} 41. Rda4 {[%emt 0:00:09]} f5 {[%emt 0:00:11]} 42. Rxa5 {[%emt 0:00:14]} Rxa5 {[%emt 0:00:09]} 43. Rxa5 {[%emt 0:00:09]} fxe4 {[%emt 0:00:09]} 44. Ra7+ {[%emt 0:00:08]} Kf8 {[%emt 0:00:10]} 45. Bc4 {[%emt 0:00:11]} Bh5 {[%emt 0:00:15]} 46. Rh7 {[%emt 0:00:13]} Bg6 {[%emt 0:00:10]} 47. Rc7 {[%emt 0:00:11]} e3 {[%emt 0:00:10]} 48. Be2 {[%emt 0:00:09]} Be4 {[%emt 0:00:11]} 49. Rc3 {[%emt 0:00:11]} Bd5 {[%emt 0:00:09]} 50. Kf1 {[%emt 0:00:17]} Rf5+ {[%emt 0:00:10]} 51. Kg1 {[%emt 0:00:09]} Re5 {[%emt 0:00:12]} 52. Kf1 {[%emt 0:00:09]} Ke7 {[%emt 0:00:08]} 53. Bf3 {[%emt 0:00:14]} Bxf3 {[%emt 0:00:13]} 54. gxf3 {[%emt 0:00:09]} e2+ {[%emt 0:00:10]} 55. Ke1 {[%emt 0:00:09]} Kf6 {[%emt 0:00:09]} 56. Rc8 {[%emt 0:00:19]} Re3 {[%emt 0:00:10]} 57. Rf8+ {[%emt 0:00:09]} Kg7 58. Rf5 {[%emt 0:00:09]} Kg6 {[%emt 0:00:18]} 59. Rf8 {[%emt 0:00:09]} Re7 {[%emt 0:00:13]} 60. f4 {[%emt 0:00:12]} g4 {[%emt 0:00:10]} 61. Rg8+ {[%emt 0:00:10]} Rg7 {[%emt 0:00:10]} 62. Rh8 {[%emt 0:00:13]} Rh7 {[%emt 0:00:11]} 63. Rg8+ {[%emt 0:00:09]} Rg7 {[%emt 0:00:09]} 64. Rh8 {[%emt 0:00:09]} gxh3 {[%emt 0:00:09]} 65. Rxh4 {[%emt 0:00:10]} Rf7 {[%emt 0:00:12]} 66. Rxh3 {[%emt 0:00:10]} Rxf4 {[%emt 0:00:09]} 67. Kxe2 1/2-1/2

[Event "Champions Showdown Kings Blitz 2019-B"]
[Site "Saint Louis"]
[Date "2019.02.22"]
[Round "9"]
[White "Duda, Jan-Krzysztof"]
[Black "Nakamura, Hikaru"]
[Result "1-0"]
[WhiteElo "2731"]
[BlackElo "2749"]
[Annotator "TA"]
[PlyCount "62"]
[EventDate "2019.02.09"]
[EventType "match"]
[EventCountry "USA"]
[SourceTitle "playchess.com"]
[Source "ChessBase"]
[SourceQuality "1"]

{[%evp 10,62,10,12,17,0,0,0,0,0,7,10,0,0,18,0,35,24,21,9,16,4,44,-32,-62,-50,-32,-55,36,43,42,35,31,26,118,45,177,125,100,101,1035,937,1332,1329,5293,3073,1188,760,29986,29987,29991,5482,29974,955,29994]} 1. c4 Nf6 2. Nc3 e6 3. e4 d5 4. cxd5 exd5 5. e5 Ne4 6. Nf3 Bf5 {A18: English Opening: Flohr-Mikenas System (1 c4 Nf6 2 Nc3 e6 3 e4)} 7. d3 (7. Be2 {looks sharper.} d4 8. Nxe4 Bxe4 9. Bc4 Nc6 10. O-O) 7... Nxc3 8. bxc3 c5 {The position is equal.} 9. d4 c4 10. a4 Nc6 11. Be2 Be7 12. O-O Na5 $146 ({Predecessor:} 12... O-O 13. Ne1 Na5 14. Nc2 {0-1 (41) Aronian,L (2764)-Nakamura,H (2769) Stavanger 2018}) 13. Nd2 O-O 14. f4 f6 15. g4 Bd7 16. f5 (16. Bf3 $14) 16... fxe5 $15 17. dxe5 Bc5+ 18. Kg2 d4 ({Black should try} 18... Bc6 $1 $15 19. Bf3 g6 20. fxg6 hxg6) 19. Bf3 $36 {[%mdl 2048] Black must now prevent Ne4. White has good play.} Bc6 20. Ne4 $1 {[%cal Re4c5]} Bxe4 $1 21. Bxe4 dxc3 {[#]} (21... Nb3 $1 $11 {keeps the balance.} 22. Rb1 dxc3) 22. Bf4 (22. Qe2 $1 $16) 22... Bd4 (22... Nb3 $14) 23. Qf3 (23. Qe2 $18) 23... Nb3 $16 24. Rad1 {Threatens to win with Be3.} Qa5 $2 {[%mdl 8192]} (24... Qh4 $16) 25. f6 $18 gxf6 26. exf6 {Intending Bxh7+! and mate.} Rxf6 27. Bd5+ Kg7 28. Bxc4 Raf8 29. Qxb7+ {[%mdl 64] Double Attack} Kh8 30. Bxb3 (30. Bh6 $142 Qg5 31. Bxg5 Na5 32. Rxf6 Rg8 33. Qd5 Nxc4 34. Qxd4 {[%mdl 64] Double Attack} Ne5 35. Qxe5 Kg7 36. Rh6+ Kf8 37. Rf1#) 30... c2 31. Rxd4 (31. Bxc2 $142 R6f7 {[#]} 32. Bh6 $1 {[%mdl 512]} Qc5 33. Rxf7 Rxf7 34. Qxf7 Qxc2+ 35. Kh3 Qc3+ 36. Kh4) 31... Qc3 {Accuracy: White = 47%, Black = 35%.} 1-0

[Event "Champions Showdown Kings Blitz 2019-B"]
[Site "Saint Louis"]
[Date "2019.02.23"]
[Round "10"]
[White "Nakamura, Hikaru"]
[Black "Duda, Jan-Krzysztof"]
[Result "1-0"]
[WhiteElo "2749"]
[BlackElo "2731"]
[Annotator "TA"]
[PlyCount "85"]
[EventDate "2019.02.09"]
[EventType "match"]
[EventCountry "USA"]
[SourceTitle "playchess.com"]
[Source "ChessBase"]
[SourceQuality "1"]

{[%evp 11,85,12,23,5,9,8,54,14,14,0,18,4,14,0,0,0,0,0,7,0,0,0,10,0,123,118,170,172,147,150,211,204,212,210,219,119,126,118,129,141,133,135,126,115,513,489,516,510,667,666,773,773,1076,1038,988,958,3040,833,29988,29989,29989,29990,29990,29965,29964,29965,29962,29964,29959,29960,6514,6095,29991,29992,29998,29999]} 1. Nf3 Nf6 2. c4 e6 3. Nc3 d5 4. d4 Bb4 5. Qa4+ Nc6 6. e3 O-O 7. Qc2 {D38: Queen's Gambit Declined: Ragozin Defence (4 Nf3 Bb4)} Re8 8. a3 Bf8 9. Bd2 {White is slightly better.} e5 10. dxe5 Nxe5 11. cxd5 Nxd5 12. O-O-O {White wants to play Nxd5.} (12. Nxe5 {keeps more tension.} Rxe5 13. e4 c6 14. Be2 Nxc3 15. Bxc3 Re8 16. O-O) 12... Nxf3 13. gxf3 Nxc3 14. Bxc3 Qh4 $1 {[#]} 15. Rg1 $146 Be6 16. f4 Rad8 {...Rxd1+ is the strong threat.} 17. Bd3 Bg4 {[#]} (17... Rd6 $11 {keeps the balance.}) 18. Bxh7+ $1 $16 {[%mdl 512]} Kh8 (18... Qxh7 $16 19. Qxh7+ (19. Rxg4 Rxd1+ 20. Qxd1 Qxh2 $14) 19... Kxh7 20. Rxg4 Rxd1+ 21. Kxd1 f6) 19. Rxd8 Rxd8 20. Be4 b5 (20... c6 $16 21. f3 Qh3) 21. f3 $18 Bh3 22. Rg3 Kg8 23. Qf2 (23. f5 $18) 23... Qh6 $16 24. f5 $36 {[%mdl 2048] Threatens to win with f4. White has strong initiative.} c5 25. f4 {Hoping for Qf3.} b4 26. axb4 {[%mdl 64] Overworked Piece} cxb4 27. Bd4 {Strongly threatening Qf3.} Re8 $2 {[%mdl 8192]} (27... b3 $16) 28. Bd3 $18 Rc8+ 29. Kd2 b3 30. Qf3 Bf1 31. Qxf1 Bb4+ 32. Ke2 Qxh2+ 33. Qg2 Qh5+ 34. Qf3 Qh2+ 35. Rg2 Qh4 36. Rxg7+ Kf8 37. Rxf7+ {[%mdl 64] Decoy} Kxf7 38. Qb7+ {[%mdl 64] Double Attack} Be7 39. Qxc8 {[%cal Rd3c4]} Qh2+ {[#]} 40. Kd1 $1 {[%cal Rd3c4]} Qg1+ {[#]} 41. Kd2 $1 {[%cal Rd3c4]} Qg2+ 42. Kc3 a5 43. Bc4+ {[%mdl 64] Double Attack. Accuracy: White = 56%, Black = 37%.} 1-0

[Event "Champions Showdown Kings Blitz 2019-B"]
[Site "Saint Louis"]
[Date "2019.02.22"]
[Round "11"]
[White "Duda, Jan-Krzysztof"]
[Black "Nakamura, Hikaru"]
[Result "0-1"]
[WhiteElo "2731"]
[BlackElo "2749"]
[Annotator "TA"]
[PlyCount "132"]
[EventDate "2019.02.09"]
[EventType "match"]
[EventCountry "USA"]
[SourceTitle "playchess.com"]
[Source "ChessBase"]
[SourceQuality "1"]

{[%evp 19,132,-3,0,10,0,2,8,-33,46,46,46,32,43,20,18,26,35,25,43,49,56,54,46,18,44,0,0,0,0,7,28,13,17,-62,61,56,56,8,7,6,5,9,10,14,14,14,16,17,28,-40,-43,-155,-154,-308,-162,-180,-179,-165,-171,-164,-171,-237,-203,-235,-232,-228,-216,-329,-315,-344,-337,-396,-392,-486,-508,-689,-670,-796,-785,-770,-763,-751,-739,-691,-535,-1002,-965,-724,-635,-635,-428,-635,-635,-617,-617,-587,-595,-582,-568,-582,-544,-29969,-1383,-29965,-29957,-6083,-1070,-29967,-29968,-29967,-29970,-29969,-29969,-29968,-12363]} 1. c4 Nf6 2. Nc3 e6 3. e4 d5 4. cxd5 exd5 5. e5 Ne4 6. Nf3 Bf5 {A18: English Opening: Flohr-Mikenas System (1 c4 Nf6 2 Nc3 e6 3 e4)} 7. d3 Nxc3 8. bxc3 c5 9. d4 c4 10. a4 Nc6 {LiveBook: 4 Games} 11. Be2 Be7 12. O-O O-O 13. Ba3 $146 ({Predecessor:} 13. Ne1 Na5 14. Nc2 {0-1 (41) Aronian,L (2764)-Nakamura,H (2769) Stavanger 2018}) 13... Na5 (13... Bxa3 $15 14. Rxa3 Qe7) 14. Bxe7 $14 Qxe7 15. Nd2 f6 16. f4 fxe5 17. fxe5 Qg5 {[#] Hoping for ...Qe3+.} 18. Rf3 Be6 {Threatens to win with ...Rxf3.} 19. Rg3 Qf4 20. Rb1 b6 21. Kh1 Rad8 22. Bf3 Bf5 23. Rb5 Be6 24. Qe1 Kh8 25. Nf1 Nc6 26. Ne3 ({White should try} 26. Be2 $11) 26... Ne7 (26... Nxd4 $1 $15 27. cxd4 Qxd4) 27. a5 Rb8 28. a6 Rbd8 $40 {[%mdl 128] Black is up to no good.} 29. h3 Qh4 30. Rb1 Nf5 31. Nxf5 Bxf5 32. Rd1 b5 33. Kh2 Qh6 34. Qe2 (34. Ra1 $11) 34... Qxa6 $15 35. Rg5 (35. Bg4 $15) 35... Qh6 $17 36. Qd2 $2 (36. Rg3 $17) 36... Bxh3 (36... a5 $142 37. Qc1 b4 38. Bxd5 b3 39. Rxf5 Rxf5 40. Bxc4 a4 41. Qxh6 gxh6) 37. Rg3 {aiming for Qxh6.} Qxd2 38. Rxd2 Bc8 39. Ra2 a6 40. e6 (40. Be2 $142) 40... Rfe8 41. Bg4 Rd6 42. Re3 g6 43. Re5 (43. Rf2 {keeps fighting.} Kg8 44. Kg3) 43... h5 ({Less strong is} 43... Bxe6 44. Rae2 $15) 44. Bh3 {If only White now had time for Rf2....} Kg7 ({Inferior is} 44... Bxe6 45. Rae2 $11) 45. Rf2 {intending Rf7+.} Re7 46. Rfe2 a5 47. Rb2 b4 48. cxb4 c3 {[%cal Bc4c3,Bc3c2][%mdl 32]} 49. Rb3 Rc6 50. Re1 axb4 51. Rxb4 Bxe6 52. Rb5 c2 53. Bxe6 Rexe6 $19 {[%mdl 4096] Endgame KRR-KRR} 54. Rc1 Red6 55. Rc5 (55. Rb2 $142 Rc4 56. Rcxc2) 55... Rxc5 56. dxc5 {KR-KR} Rc6 57. Rxc2 {[#]} Kf6 $1 {[%cal Rf6e5]} 58. Kg3 Ke5 59. Rc1 d4 60. Kh4 Kd5 (60... d3 $142 61. Kg3 Ke4 62. Re1+ Kd4 63. Ra1 Ke3 64. Re1+ Kd2 65. Re7 Kc2 66. Ra7 d2 67. Ra2+ Kd3 68. Ra1 Rxc5 69. Kf2 Rc1 70. Ra3+ Kc4 71. Ra4+ Kc3 72. Ra3+ Kb4 73. Rd3 d1=Q 74. Rxd1 Rxd1 75. Ke3 Rf1 76. Ke4 Rf8 77. Kd3 g5 78. Kd4 h4 79. Kd5 Rf2 80. Ke5 Rxg2 81. Ke4 h3 82. Kf3 g4+ 83. Kf4 h2 84. Ke4 h1=Q 85. Kf5 Rf2+ 86. Ke6 Kc5 87. Kd7 Qc6+ 88. Ke7 Qd6+ 89. Ke8 Rf8#) 61. Kg5 Rxc5 62. Rd1 Rc6 (62... Ke4+ $142 63. Kh4 d3) 63. g4 hxg4 {Black mates.} 64. Kxg4 Rf6 65. Kg5 Rf8 66. Kxg6 Kc4 {Precision: White = 40%, Black = 64%.} (66... Rf3 $142 67. Kh6 d3 68. Kh5 Ke4 69. Kg4 Rf2 70. Kg3 Re2 71. Ra1 d2 72. Ra4+ Kd3 73. Ra3+ Kc2 74. Ra2+ Kb1 75. Kf3 Rh2 76. Rxd2 Rxd2 77. Ke3 Kc2 78. Ke4 Kc3 79. Ke5 Rd4 80. Ke6 Kd3 81. Ke5 Ke3 82. Kf5 Re4 83. Kg5 Re5+ 84. Kg6 Kf4 85. Kf6 Re4 86. Kg6 Re6+ 87. Kg7 Kg5 88. Kf7 Re4 89. Kg7 Rf4 90. Kh8 Kh6 91. Kg8 Kg6 92. Kh8 Rf8#) 0-1

[Event "Champions Showdown Kings Blitz 2019-B"]
[Site "Saint Louis"]
[Date "2019.02.22"]
[Round "12"]
[White "Nakamura, Hikaru"]
[Black "Duda, Jan-Krzysztof"]
[Result "1-0"]
[WhiteElo "2749"]
[BlackElo "2731"]
[Annotator "TA"]
[PlyCount "61"]
[EventDate "2019.02.09"]
[EventType "match"]
[EventCountry "USA"]
[SourceTitle "playchess.com"]
[Source "ChessBase"]
[SourceQuality "1"]

{[%evp 10,61,81,65,140,139,133,135,137,0,0,0,141,141,154,144,141,127,147,135,140,144,134,82,203,193,209,205,244,237,228,177,187,187,223,228,293,289,288,142,126,134,217,183,276,268,274,269,1067,1047,1089,1071,1520,1512]} 1. Nf3 f5 2. d3 Nf6 3. e4 fxe4 4. dxe4 Nxe4 5. Bd3 Nf6 6. Ng5 $1 {[%cal Rg5h7]} d6 {[#] A04: Unusual lines after 1 Nf3 and King's Indian Attack} ({Black should play} 6... c6 $14) (6... g6 7. h4 d5 8. h5 Bg4 9. f3 Bxh5 10. g4 Qd6 11. gxh5 Nxh5 12. Nc3 Nc6 13. f4 Nxf4 14. Qf3 Nxd3+ 15. cxd3 {1-0 (24) Kazakovskiy,V (2323)-Kantans,T (2496) Stockholm 2016}) 7. Bxh7 $1 $16 {[%mdl 576] Deflection, Decoy} Nxh7 8. Qh5+ {[%mdl 64] Double Attack} Kd7 {White is clearly better.} 9. Qg4+ {[%mdl 1024] White has strong compensation.} ({But not} 9. Nxh7 $6 Qe8 $11) 9... Ke8 10. Qh5+ {[%mdl 64] Double Attack} Kd7 {[#] ...Qe8 is the strong threat.} 11. Nf7 $1 $36 {[%cal Rf7d8][%mdl 2048] Black is under strong pressure.} ({Of course not} 11. Nxh7 $6 Qe8 $11) 11... Qe8 {Threatens to win with ...e6.} 12. Qh3+ Kc6 13. Qf3+ Kd7 $146 ({Predecessor:} 13... Kb6 14. Nxh8 Nf6 15. Qb3+ Kc6 16. Nc3 {0-1 (27) Bocharnikov,O (1948)-Leonov,D (2201) Moscow 2008}) 14. Nxh8 Nf6 15. Bg5 Nc6 16. Nc3 (16. Qf5+ $142 Kd8 17. Qg6) 16... Ne5 (16... g6 $16) 17. Qe2 c6 18. f4 Nf7 19. Ng6 Kc7 20. Nxf8 Qxf8 21. O-O Bg4 22. Qe3 Bf5 23. Rae1 e6 24. Qe2 (24. Bxf6 $18 gxf6 25. h3) 24... d5 25. h3 {And now g4 would win.} Qc5+ (25... Nd6 $16 26. Qe5 Nd7) 26. Kh2 $18 {Strongly threatening Bxf6.} Nd6 (26... Ne4 $142) 27. Qe5 Rf8 28. Ne2 Ng4+ $2 (28... Nd7 29. Qxg7 Rf7) 29. hxg4 {White is clearly winning.} Rh8+ 30. Kg3 Kc8 31. Nd4 {Accuracy: White = 68%, Black = 37%.} 1-0

[Event "Champions Showdown Kings Blitz 2019-B"]
[Site "Saint Louis"]
[Date "2019.02.22"]
[Round "13"]
[White "Duda, Jan-Krzysztof"]
[Black "Nakamura, Hikaru"]
[Result "1/2-1/2"]
[WhiteElo "2731"]
[BlackElo "2749"]
[Annotator "TA"]
[PlyCount "139"]
[EventDate "2019.02.09"]
[EventType "match"]
[EventCountry "USA"]
[SourceTitle "playchess.com"]
[Source "ChessBase"]
[SourceQuality "1"]

{[%evp 26,139,-26,-31,-25,-52,-11,-45,-53,-60,-61,-50,10,-40,-8,-29,-34,-45,0,0,41,17,120,53,62,48,26,45,66,-35,-52,-52,-9,-10,0,0,0,-13,31,43,155,158,158,161,158,156,202,200,167,125,108,64,70,9,55,0,0,0,76,35,34,8,11,2,29,18,17,16,25,0,75,37,231,231,759,797,760,759,704,582,1128,1513,1189,1189,740,88,89,102,111,111,112,0,0,0,0,0,0,0,0,0,0,0,0,0,0,0,0,0,0,0,0,0,0,0,0,0]} 1. c4 Nf6 2. Nf3 e6 3. g3 d5 4. Bg2 Be7 5. O-O O-O 6. b3 c5 7. Bb2 d4 8. e3 Nc6 9. exd4 cxd4 10. Re1 Ne8 11. Na3 f6 12. d3 e5 13. Nc2 Nc7 14. a3 a5 {A14: English Opening: 1...e6 with b3 by White} 15. Rb1 Be6 16. Bc1 (16. Nfxd4 $5 Nxd4 17. Bxd4 exd4 18. Rxe6 $1 {[%mdl 512]} Nxe6 19. Bd5 $15) 16... Qd7 {[#] Black is slightly better.} 17. Qe2 $146 ({Predecessor:} 17. Bd2 Bf5 18. Bc1 Rab8 19. Qd2 b5 {½-½ (19) Hodgson,J (2540)-Haugli,P (2395) Gausdal 1990}) 17... b5 18. Nd2 a4 (18... Bh3 $15) 19. b4 bxc4 20. Nxc4 {Black must now prevent Nb6.} Rab8 21. Bb2 Nb5 22. f4 Kh8 23. fxe5 f5 (23... Nxe5 $11 24. Nxe5 fxe5) 24. Nd6 (24. Rf1 $16) 24... Nc3 $14 25. Bxc3 $1 dxc3 26. d4 Bb3 27. b5 (27. Qa6 $14 Na7 28. Rbc1) 27... Na7 28. Nb4 Bxd6 29. Bc6 $1 {[%cal Rc6d7]} Qd8 30. exd6 {And now d7 would win.} Qxd6 31. Qe5 Qxe5 32. Rxe5 Rfd8 (32... Bc4 $14) 33. Rc1 $16 ({Worse is} 33. Rxf5 Rxd4 34. Rc5 Rc4 $11) 33... Bc4 {[%cal Ra7b5]} 34. Rxc3 Bxb5 {[#]} 35. d5 $1 ({And not} 35. Rxf5 Nxc6 36. Nxc6 Bxc6 $11) 35... g6 36. Re7 Nc8 37. Rc7 Nd6 38. Re3 {Ree7 is the strong threat.} Ne4 39. g4 (39. Ra7 $14) 39... Rd6 40. Rh3 ({White should try} 40. Kg2 $14) 40... Ng5 $11 41. Re3 (41. Rc3 $11) 41... Ne4 $1 $16 42. Bxb5 Rxb5 43. gxf5 gxf5 44. Rh3 h6 45. Rh5 Rf6 46. Kg2 Rb8 47. Kf3 Rg8 (47... Ng5+ $11 {keeps the balance.} 48. Kg2 Rg6) 48. Kf4 Rg4+ $2 ({Black should play} 48... Nd6 $1 $14) 49. Ke5 $18 Rg5 $2 (49... Rg1 50. Nd3 Rf1) 50. Rxg5 hxg5 {[%mdl 4096] Endgame KRN-KRN} 51. Nc6 Rh6 52. Ne7 Nd6 53. Nxf5 Nxf5 54. Kxf5 {White threatens Rc6 and mate. KR-KR} Kg8 55. Rc2 $2 (55. h4 $18 {and the rest is easy.}) 55... Kf7 $16 56. Kxg5 Rh3 {[#]} 57. Rc7+ $1 Ke8 58. d6 ({Better is} 58. Kf5 $16) 58... Rxa3 $11 {The position is equal.} 59. h4 {Hoping for h5.} Rg3+ 60. Kh6 (60. Kf5 {keeps more tension.} Rf3+ 61. Ke5 Re3+ 62. Kd5 Rd3+ 63. Kc6) 60... Rd3 61. Ra7 Rxd6+ 62. Kg5 Rd5+ 63. Kf6 Rd6+ 64. Ke5 Rb6 65. h5 Kf8 66. Rxa4 Kg7 67. Rg4+ Kh6 68. Rg6+ Rxg6 69. hxg6 Kxg6 70. Ke4 {Accuracy: White = 41%, Black = 48%.} 1/2-1/2

[Event "Champions Showdown Kings Blitz 2019-B"]
[Site "Saint Louis"]
[Date "2019.02.24"]
[Round "14"]
[White "Nakamura, Hikaru"]
[Black "Duda, Jan-Krzysztof"]
[Result "1/2-1/2"]
[WhiteElo "2749"]
[BlackElo "2731"]
[Annotator "TA"]
[PlyCount "233"]
[EventDate "2019.02.09"]
[EventType "match"]
[EventCountry "USA"]
[SourceTitle "playchess.com"]
[Source "ChessBase"]
[SourceQuality "1"]

{[%evp 18,233,43,31,25,19,26,15,17,0,3,0,2,20,43,41,27,22,34,17,28,12,12,12,12,12,17,19,42,36,42,49,50,39,99,99,99,99,99,99,106,106,106,106,106,99,106,99,99,99,106,98,106,99,99,99,106,99,98,98,98,97,99,97,97,97,97,97,97,53,97,0,97,97,99,97,99,97,106,98,98,98,106,98,98,98,106,97,97,97,97,97,97,97,98,0,97,0,97,97,98,98,106,98,106,0,97,87,87,87,87,87,87,87,87,87,87,87,87,87,87,87,87,87,87,87,87,87,87,87,87,0,87,87,87,87,87,87,87,87,87,87,87,87,87,87,87,72,72,8,8,8,8,0,8,8,8,8,8,8,8,0,6,0,22,0,0,0,45,0,0,0,45,0,38,0,45,0,45,45,45,45,45,0,45,0,0,0,45,45,52,0,52,53,53,53,53,0,53,53,53,0,0,0,0,0,0,0,0,0,0,0,0,0,0,0,0,0]} 1. Nf3 d5 2. e3 Nf6 3. c4 e6 4. b3 c5 5. Bb2 Nc6 6. cxd5 exd5 7. Be2 Bd6 8. O-O O-O 9. d4 cxd4 10. Nxd4 Qe7 {A13: English Opening: 1...e6} (10... Re8 11. Nd2 Bd7 12. Nxc6 bxc6 13. Rc1 a5 14. Nf3 Ne4 15. Nd4 Qh4 16. f4 Qf6 17. Rc2 c5 18. Nb5 {½-½ (72) Nakamura,H (2746)-Anand,V (2773) Kolkata 2018}) 11. Nd2 Nxd4 12. Bxd4 Bf5 $146 ({Predecessor:} 12... Be6 13. Rc1 Ba3 14. Rc3 Bb4 15. Rc1 Ba3 16. Rc3 Bb4 17. Rc1 Rfc8 18. Bd3 Rxc1 {½-½ (18) Csom,I (2490)-Geller,E (2620) Biel 1976}) 13. Nb1 Ne4 14. Nc3 Nxc3 (14... Rad8 {with more complications.} 15. Nb5 Bb8 16. Rc1 Qh4 17. f4 g5) 15. Bxc3 Be5 16. Bxe5 Qxe5 17. Qd2 Rac8 18. Rac1 b6 19. Ba6 Rxc1 20. Rxc1 Rd8 21. f3 Be6 22. Qc3 Qxc3 23. Rxc3 $11 {[%mdl 4096] Endgame KRB-KRB} Kf8 24. Rc7 d4 25. exd4 (25. e4 {keeps more tension.} d3 26. Rc1 f5 27. Rd1 fxe4 28. fxe4 Kf7 29. Kf2) 25... Rd7 (25... Rxd4 $14 26. Rxa7 Rd2) 26. Rxd7 $16 Bxd7 {KB-KB} 27. Bd3 h6 28. Kf2 g5 29. Ke3 Ke7 30. Bc4 f6 31. b4 Bf5 32. Bd3 Be6 33. a3 Bf7 34. Bh7 Bd5 35. g3 Kd6 36. Bc2 Bc6 37. Bb3 Bb7 38. h4 Bc6 39. Bc2 Bd5 40. Be4 Be6 41. Kd3 Bf7 42. Kc3 Be6 43. Kd2 Bf7 44. Ke3 Be6 $1 45. Bh7 Bd5 46. Bc2 Bc6 47. f4 Bd5 48. Be4 {[#] aiming for Bxd5.} Bf7 49. Bf3 Bg6 50. Bg4 Bc2 51. Be2 Bg6 52. Bd3 Bf7 53. Be4 Bh5 54. Kd3 Bf7 55. Bf5 Bd5 56. Be4 Bf7 $1 57. Ke3 Bh5 $1 58. Bc2 Bf7 59. Bd1 Bg6 60. Bf3 Bf7 61. Be4 Bh5 $1 62. fxg5 fxg5 63. Bf5 Bd1 64. Bg6 Kd5 65. Bf7+ Kd6 66. Bc4 Bh5 67. Kd2 Bg4 68. Kc3 Bf5 69. Be2 Be4 70. Kc4 Bc6 71. Bg4 Be8 72. Bf5 Bc6 73. Kd3 Bf3 74. Ke3 (74. Be4 $16 Bh5 75. hxg5 hxg5 76. Ke3) 74... Bd5 (74... Bd1 $1 $11) 75. Be4 Bf7 76. Kd2 Be6 77. Kc3 Bf7 78. Kd3 Be6 79. Bf3 Bf5+ 80. Kc4 Bd7 81. Bd1 Bc6 82. a4 a5 83. bxa5 (83. Bb3 $16) 83... bxa5 $11 84. Kd3 Bd5 85. Ke3 Bc6 86. Bb3 Bb7 87. Kd2 Bc6 88. Kd3 Bb7 89. Bc4 Bc6 90. Bb5 Bd5 91. Ke3 Ke7 92. Kd2 Kd6 93. Ke2 Ke7 94. Kd3 Kd6 95. Bc4 Bc6 96. Bb3 Bb7 97. Bd1 Bd5 98. Bc2 Ke7 99. Ke3 Kd6 100. Bd3 Bc6 101. Bb5 Bd5 102. Kd2 Be4 103. Kc3 Bd5 104. Kd3 (104. Bc4 $14 Bc6 105. Bb5) 104... Ke7 ({Better is} 104... gxh4 $11 105. gxh4 Bb3) 105. Bc4 $14 Bc6 106. Bb3 Kd6 107. Ke3 Bb7 $1 108. hxg5 hxg5 109. d5 ({White should play} 109. Ke2 $14) 109... Ke5 {The position is equal.} 110. Kf3 Bc8 111. Ke3 Bf5 112. d6 Kxd6 {[#] Hoping for ...Kc5.} 113. Kd4 Bd7 114. Bd1 Be6 115. Bc2 Bd7 116. Bd1 Be6 117. Bc2 {Accuracy: White = 57%, Black = 70%.} 1/2-1/2